[Event "Warren (MCO/3/16)"]
[Site "?"]
[Date "1986.??.??"]
[Round "?"]
[White "Raftshol, W.."]
[Black "Farges, Y.."]
[Result "0-1"]
[WhiteElo "1710"]
[BlackElo "2045"]
[PlyCount "108"]
[EventDate "1986.??.??"]

{3/(16)} 1. e4 c5 2. Nf3 Nc6 3. d4 cxd4 4. Nxd4 Nf6 5. Nc3 e5 6. Nf5 d5 7. exd5
Bxf5 8. dxc6 Qxd1+ 9. Nxd1 bxc6 10. Ne3 Be6 11. Bc4 Nd5 12. Bb3 Bb4+ 13. Bd2
Nxe3 14. fxe3 Bxd2+ 15. Kxd2 Ke7 16. e4 f5 17. exf5 Bxf5 18. Rhe1 Kd6 19. Kc3
e4 20. Rad1+ Ke5 21. Kd2 Bg4 22. Rb1 Rad8+ 23. Ke3 Rhf8 24. Rf1 Rf6 25. h3 Bh5
26. Bc4 Rfd6 27. Rf4 Bg6 28. Rbf1 Rf6 29. Rxf6 gxf6 30. Be2 h5 31. Rf4 f5 32.
g4 hxg4 33. hxg4 Rh8 34. Bf1 Rh4 35. Bg2 Rxg4 36. Rxg4 fxg4 37. c3 a5 38. a3 a4
39. Bf1 Bf7 40. Bg2 g3 41. Bf1 Bb3 42. Bg2 Bc2 43. Bf1 Bd3 44. Bh3 c5 45. Bg2
Kf5 46. Bh3+ Kg5 47. Bg2 Kg4 48. c4 Bb1 49. Bf1 Bc2 50. Kd2 Bd3 51. Bg2 Kf4 52.
Bh1 Bf1 53. b4 axb3 54. a4 e3+ 0-1

[Event "Warren (MCO/1/55)"]
[Site "?"]
[Date "1986.??.??"]
[Round "?"]
[White "Raftshol, W.."]
[Black "Dobson, R.."]
[Result "1-0"]
[WhiteElo "1710"]
[BlackElo "1605"]
[PlyCount "79"]
[EventDate "1986.??.??"]

{1/(55)} 1. e4 e6 2. d4 d5 3. Nc3 Bb4 4. e5 c5 5. a3 Bxc3+ 6. bxc3 cxd4 7. cxd4
Nc6 8. Nf3 Nge7 9. Bd3 O-O 10. O-O Bd7 11. a4 a6 12. Ba3 Re8 13. Ng5 g6 14. Qf3
Rf8 15. Qh3 h5 16. g4 Nxd4 17. gxh5 Kg7 18. hxg6 Rh8 19. Qg4 Ndf5 20. gxf7 Rh4
21. Nxe6+ Kxf7 22. Nxd8+ Rxd8 23. Qxh4 Nxh4 24. f4 Nef5 25. Kf2 Bxa4 26. Rg1
Rc8 27. Rac1 Ne7 28. Rg5 Nc6 29. Rh5 Ng6 30. Rh7+ Ke6 31. Bxg6 d4 32. Rxb7 a5
33. h4 Kd5 34. h5 Nb4 35. Bxb4 axb4 36. Rxb4 Bxc2 37. Rxc2 Rg8 38. Bf7+ Ke4 39.
Bxg8 Kxf4 40. Rxd4+ 1-0

[Event "Monroe (MI Op/1a/2)"]
[Site "?"]
[Date "1986.??.??"]
[Round "?"]
[White "Quigley, L.."]
[Black "Stefanski, Mark"]
[Result "1-0"]
[WhiteElo "2230"]
[BlackElo "1910"]
[PlyCount "49"]
[EventDate "1986.??.??"]

1. d4 d5 2. c4 e6 3. Nc3 Nf6 4. cxd5 exd5 5. Bg5 Nbd7 6. e3 c6 7. Bd3 Qa5 8.
Qc2 Bb4 9. Nge2 c5 10. O-O c4 11. Bf5 h6 12. Bf4 Qb6 13. Be5 Bxc3 14. Nxc3 Qc6
15. f4 O-O 16. Rf3 Nxe5 17. fxe5 Bxf5 18. Qxf5 Ne4 19. Nxe4 dxe4 20. Rg3 g6 21.
Rf1 Kh7 22. Qf4 b5 23. Rh3 g5 24. Qxg5 b4 25. Rf6 1-0

[Event "Monroe (MI Op/4/15)"]
[Site "?"]
[Date "1986.??.??"]
[Round "?"]
[White "Quigley, L.."]
[Black "Everett, Morgan"]
[Result "1-0"]
[WhiteElo "2230"]
[BlackElo "2010"]
[PlyCount "71"]
[EventDate "1986.??.??"]

{4/(15)} 1. d4 Nf6 2. c4 g6 3. Nc3 Bg7 4. e4 O-O 5. Be3 d6 6. f3 Nc6 7. Qd2 a6
8. Rb1 e5 9. d5 Nd4 10. Nge2 Nxe2 11. Bxe2 Ne8 12. O-O f5 13. exf5 gxf5 14. Kh1
Nf6 15. c5 f4 16. Bf2 Bf5 17. Bd3 Nh5 18. cxd6 cxd6 19. Bxf5 Rxf5 20. Ne4 Bf8
21. Rbc1 Ng7 22. Qb4 Rf7 23. Qb6 Nf5 24. Qxd8 Rxd8 25. Bb6 Re8 26. Rf2 Be7 27.
Rfc2 Bh4 28. g4 fxg3 29. hxg3 Nxg3+ 30. Nxg3 Bxg3 31. Rg1 Rxf3 32. Rcg2 Kf7 33.
Rxg3 Rxg3 34. Rxg3 Rc8 35. Rc3 Rxc3 36. bxc3 1-0

[Event "Monroe (MI Op/6/7)"]
[Site "?"]
[Date "1986.??.??"]
[Round "?"]
[White "Quigley, L.."]
[Black "Baze, Lineas"]
[Result "1/2-1/2"]
[WhiteElo "2230"]
[BlackElo "2020"]
[PlyCount "69"]
[EventDate "1986.??.??"]

{6/(7)} 1. d4 Nf6 2. c4 g6 3. Nc3 Bg7 4. e4 O-O 5. Be3 d6 6. f3 Nc6 7. Qd2 e5
8. d5 Ne7 9. Nge2 Ne8 10. g4 f5 11. gxf5 gxf5 12. Bg5 f4 13. Bxe7 Qxe7 14.
O-O-O Bf6 15. Kb1 Bd7 16. Nc1 Kh8 17. b4 Ng7 18. Nb3 b6 19. c5 bxc5 20. bxc5
dxc5 21. d6 cxd6 22. Qxd6 Be6 23. Qxe7 Bxe7 24. Nd5 Bd6 25. Na5 Rab8+ 26. Ka1
c4 27. Nxc4 Rfd8 28. Nxd6 Rxd6 29. Bc4 Rc6 30. Bb3 Bh3 31. Rhg1 Ne6 32. Ne7 Rc7
33. Bxe6 Bxe6 34. Nd5 Rc2 35. Rb1 1/2-1/2

[Event "Warren (MCO/3/32)"]
[Site "?"]
[Date "1986.??.??"]
[Round "?"]
[White "Proszkow, T.."]
[Black "Williams, C.."]
[Result "1-0"]
[WhiteElo "1740"]
[BlackElo "1605"]
[PlyCount "57"]
[EventDate "1986.??.??"]

{3/(32)} 1. d4 Nf6 2. c4 c5 3. Nf3 d5 4. cxd5 Nxd5 5. e4 Nf6 6. d5 Bd7 7. Nc3
Qa5 8. Bd2 g6 9. e5 Ng8 10. Bc4 Bg7 11. O-O Nh6 12. e6 fxe6 13. dxe6 Bc6 14.
Nd5 Qd8 15. Ne5 b5 16. Nxc6 Nxc6 17. Bxh6 Bxh6 18. Bxb5 Qc8 19. Qf3 Rf8 20.
Bxc6+ Kd8 21. Nf6 Rxf6 22. Qd5+ Kc7 23. Bd7 Qb7 24. Qxc5+ Kd8 25. Rad1 Qc7 26.
Bc6+ Kc8 27. Rd7 Qb6 28. Bb7+ Kb8 29. Qc8# 1-0

[Event "Warren (MCO/5/29)"]
[Site "?"]
[Date "1986.??.??"]
[Round "?"]
[White "Proszkow, T.."]
[Black "Maloy, Mickey"]
[Result "1-0"]
[WhiteElo "1790"]
[BlackElo "1605"]
[PlyCount "67"]
[EventDate "1986.??.??"]

{5/(29)} 1. d4 Nf6 2. c4 g6 3. Nc3 Bg7 4. Nf3 d6 5. e3 O-O 6. Be2 c5 7. Bd2 Bg4
8. h3 Bxf3 9. Bxf3 Qd7 10. O-O cxd4 11. exd4 Nc6 12. Be3 a6 13. Qd2 Rab8 14.
Rac1 e6 15. Rfd1 d5 16. cxd5 exd5 17. Ne2 Ne7 18. g4 h5 19. Bg5 hxg4 20. hxg4
Kh7 21. Bxf6 Bxf6 22. Kg2 Rh8 23. Rh1+ Kg7 24. g5 Qd6 25. gxf6+ Qxf6 26. Rcg1
Nf5 27. Kf1 Nh4 28. Bxd5 Qf5 29. Nc3 b5 30. Be4 Qe6 31. Qf4 Qc4+ 32. Ne2 Rbd8
33. Rxh4 Rxh4 34. Qxh4 1-0

[Event "Warren (MCO/1/43)"]
[Site "?"]
[Date "1986.??.??"]
[Round "?"]
[White "Proszkow, T.."]
[Black "Downing, J.."]
[Result "1-0"]
[WhiteElo "1790"]
[BlackElo "1605"]
[PlyCount "123"]
[EventDate "1986.??.??"]

{1/(43)} 1. d4 e6 2. c4 d5 3. a3 Nf6 4. Nc3 Nc6 5. Nf3 Bd6 6. e3 b6 7. Bd3 Ba6
8. Qe2 Na5 9. c5 Bxd3 10. Qxd3 bxc5 11. Qb5+ c6 12. Qa4 cxd4 13. Nxd4 O-O 14.
Nxc6 Nxc6 15. Qxc6 Rc8 16. Qa4 Qd7 17. Qxd7 Nxd7 18. Ke2 Be5 19. Bd2 d4 20.
exd4 Bxd4 21. Rac1 Nc5 22. Rc2 Nb3 23. Rd1 Nxd2 24. Rdxd2 Be5 25. g3 Rfd8 26.
Rxd8+ Rxd8 27. f4 Bc7 28. Na4 Bb6 29. Nxb6 axb6 30. Rc6 Rb8 31. Kd3 f6 32. Kc4
Kf7 33. Rc7+ Kg6 34. Kb5 Rd8 35. Kxb6 Rb8+ 36. Rb7 Rxb7+ 37. Kxb7 Kf5 38. a4 e5
39. fxe5 fxe5 40. a5 e4 41. a6 e3 42. a7 e2 43. a8=Q e1=Q 44. Qc8+ Qe6 45.
Qxe6+ Kxe6 46. b4 Kd5 47. b5 Kc5 48. Ka6 Kd6 49. b6 Kc6 50. Ka7 Kd7 51. b7 g5
52. b8=Q h5 53. Qb6 h4 54. gxh4 gxh4 55. Kb7 h3 56. Qd4+ Ke6 57. Kc6 Kf5 58.
Kd6 Kg5 59. Ke6 Kg6 60. Qg4+ Kh6 61. Kf6 Kh7 62. Qg7# 1-0

[Event "Warren (MCO/2/32)"]
[Site "?"]
[Date "1986.??.??"]
[Round "?"]
[White "Profit, Brian"]
[Black "Simon, E.."]
[Result "1-0"]
[WhiteElo "1875"]
[BlackElo "1605"]
[PlyCount "55"]
[EventDate "1986.??.??"]

{2/(32)} 1. d4 g6 2. c4 Nf6 3. Nc3 Bg7 4. e4 d6 5. Be2 O-O 6. Bg5 Nc6 7. Nf3 e5
8. Be3 Re8 9. d5 Nb8 10. O-O Nbd7 11. Rc1 a6 12. Nd2 b6 13. b4 Bb7 14. Nb3 Qb8
15. c5 dxc5 16. bxc5 bxc5 17. Bxc5 Nxc5 18. Nxc5 Bf8 19. N3a4 a5 20. Rb1 Ra7
21. Qb3 Qa8 22. Nxb7 Rb8 23. Qf3 Raxb7 24. Rxb7 Qxb7 25. Qxf6 Bd6 26. Qf3 Qb4
27. Nc3 Qb2 28. Rb1 1-0

[Event "Warren (MCO/4/27)"]
[Site "?"]
[Date "1986.??.??"]
[Round "?"]
[White "Profit, Brian"]
[Black "Dmuchowski, Frank"]
[Result "0-1"]
[WhiteElo "1875"]
[BlackElo "1610"]
[PlyCount "72"]
[EventDate "1986.??.??"]

{4/(27)} 1. d4 Nf6 2. c4 e6 3. Nf3 b6 4. a3 Bb7 5. Nc3 Be7 6. Qc2 d6 7. e4 Nbd7
8. Be2 c5 9. d5 exd5 10. exd5 O-O 11. Bf4 Re8 12. O-O Bf8 13. Nb5 Ne5 14. Nxe5
dxe5 15. Bg3 a6 16. Nc3 Bd6 17. Bd3 Bc8 18. Rfe1 h6 19. h3 Nh5 20. Bh2 Nf4 21.
Bf1 f5 22. Re3 Ng6 23. Rae1 Bd7 24. Qb1 Qf6 25. Bd3 Rf8 26. Bf1 Rae8 27. b4 Rb8
28. Na2 f4 29. Rc3 Nh4 30. Qe4 Bf5 31. Qe2 Rbe8 32. f3 e4 33. fxe4 Bxe4 34. Qd2
Qg6 35. Rxe4 Rxe4 36. Bd3 Nf3+ 0-1

[Event "Monroe (MI Op/4/2)"]
[Site "?"]
[Date "1986.??.??"]
[Round "?"]
[White "Poschel, Paul"]
[Black "Thomas, C.."]
[Result "1/2-1/2"]
[WhiteElo "2285"]
[BlackElo "2010"]
[PlyCount "99"]
[EventDate "1986.??.??"]

{4/(2)} 1. c4 Nf6 2. Nc3 g6 3. e4 d6 4. d4 Bg7 5. Be2 O-O 6. Bg5 c5 7. dxc5
dxc5 8. Qxd8 Rxd8 9. e5 Nfd7 10. e6 Bxc3+ 11. bxc3 Nf6 12. Bf3 fxe6 13. Be3
Nbd7 14. O-O-O Re8 15. Nh3 Rb8 16. Bf4 e5 17. Bg3 b6 18. Bc6 Bb7 19. Bxb7 Rxb7
20. Rhe1 b5 21. Bxe5 Nxe5 22. Rxe5 bxc4 23. Rd2 Reb8 24. Kd1 Rb1+ 25. Ke2 Rc1
26. Rxe7 Rxc3 27. f3 Rc1 28. Rc7 Re8+ 29. Kf2 c3 30. Rd3 Rc2+ 31. Kg3 Nh5+ 32.
Kh4 Rxg2 33. Rxc3 Ng7 34. Nf4 Rxa2 35. Kh3 Ra4 36. Nd5 Rf8 37. Ne7+ Kh8 38.
R7xc5 Nh5 39. Rc8 Nf4+ 40. Kg3 Rxc8 41. Rxc8+ Kg7 42. Nc6 Nh5+ 43. Kh3 Ra3 44.
Rc7+ Kh6 45. Rxa7 Rxf3+ 46. Kg2 Rc3 47. Ne5 Nf4+ 48. Kf2 g5 49. Nf7+ Kh5 50.
Nxg5 1/2-1/2

[Event "Monroe (RVO/1/5)"]
[Site "?"]
[Date "1986.??.??"]
[Round "?"]
[White "Poschel, Paul"]
[Black "Thomas, C.."]
[Result "0-1"]
[WhiteElo "2285"]
[BlackElo "2010"]
[PlyCount "182"]
[EventDate "1986.??.??"]

{1/(5)} 1. c4 Nf6 2. Nc3 g6 3. e4 d6 4. d4 Bg7 5. Nge2 O-O 6. g3 Nc6 7. Bg2 e5
8. O-O exd4 9. Nxd4 Nxd4 10. Qxd4 Ng4 11. Qd2 Ne5 12. Qe2 Bg4 13. f3 Be6 14.
Nd5 c6 15. Ne3 Qb6 16. Kh1 Qa6 17. f4 Bxc4 18. Nxc4 Qxc4 19. Qd2 Ng4 20. h3 Nf6
21. Re1 Rfe8 22. b3 Qb5 23. Bb2 Rad8 24. Rad1 Qb6 25. Bd4 Qc7 26. Qf2 c5 27.
Bb2 Qa5 28. Re2 Qb4 29. Rde1 Nh5 30. Bxg7 Nxg7 31. f5 Re5 32. g4 Rde8 33. f6
Ne6 34. Re3 Qd4 35. Qf1 Rg5 36. Rd3 Qe5 37. Rd5 Qg3 38. Rd3 Qh4 39. Kg1 Nd4 40.
Qf2 Qxf2+ 41. Kxf2 Rge5 42. Kg3 R8e6 43. Rf1 g5 44. Rd2 h6 45. Rdf2 b5 46. h4
Kh7 47. h5 Kg8 48. Rc1 Kf8 49. Re1 Ke8 50. Ref1 Kd7 51. Rd2 Kc6 52. Rff2 Kb6
53. Rd3 Ka5 54. a3 Kb6 55. Kh3 Re8 56. Rfd2 Kc7 57. Rc3 Ne6 58. Bf3 Nf4+ 59.
Kh2 R8e6 60. Rc1 Rxf6 61. Bh1 Ne6 62. Kg3 Nd8 63. Bg2 Ne6 64. Rcc2 Nf4 65. Bh1
Rfe6 66. Rc1 Re8 67. Rcd1 d5 68. Kf2 d4 69. b4 d3 70. bxc5 Rxc5 71. Rb1 Rc2 72.
Ke3 Rxd2 73. Kxd2 Kb6 74. Rc1 Re7 75. Bf3 Rc7 76. Rxc7 Kxc7 77. e5 Kb6 78. Bd1
Kc5 79. Bb3 Kd4 80. Bxf7 Kxe5 81. Be8 a6 82. Bc6 Kd4 83. Bb7 a5 84. Ba6 b4 85.
axb4 axb4 86. Bc8 b3 87. Bf5 b2 88. Bxd3 Nxd3 89. Kc2 Nf2 90. Kxb2 Nxg4 91. Kc2
Ke3 0-1

[Event "Monroe (MI Op/6/2)"]
[Site "?"]
[Date "1986.??.??"]
[Round "?"]
[White "Poschel, Paul"]
[Black "Noren, Kevin"]
[Result "1/2-1/2"]
[WhiteElo "2285"]
[BlackElo "2195"]
[PlyCount "56"]
[EventDate "1986.??.??"]

{6/(2)} 1. c4 c5 2. Nc3 Nf6 3. Nf3 e6 4. e3 d5 5. cxd5 exd5 6. d4 Nc6 7. Be2
Bd6 8. O-O a6 9. dxc5 Bxc5 10. b3 O-O 11. Bb2 Ba7 12. Rc1 Qd6 13. Qc2 Bg4 14.
Rfd1 Rad8 15. Na4 Ne4 16. Bd4 Bxf3 17. Bxf3 Nxd4 18. exd4 Ng5 19. Qf5 Nxf3+ 20.
Qxf3 Rc8 21. Rxc8 Rxc8 22. Nc3 Rd8 23. g3 g6 24. Kg2 Bb6 25. h4 Ba5 26. Rd3 h5
27. Ne2 Re8 28. Nf4 Re4 1/2-1/2

[Event "Warren (MCO/4/2)"]
[Site "?"]
[Date "1986.??.??"]
[Round "?"]
[White "Poschel, Paul"]
[Black "Mitchell, S.."]
[Result "1/2-1/2"]
[WhiteElo "2265"]
[BlackElo "2085"]
[PlyCount "86"]
[EventDate "1986.??.??"]

{4/(2)} 1. c4 c5 2. Nf3 Nc6 3. Nc3 e5 4. e3 f5 5. d4 e4 6. Ng1 Nf6 7. dxc5 Bxc5
8. Nh3 O-O 9. a3 a5 10. b3 d6 11. Bb2 Ne7 12. Nf4 g5 13. Nfd5 Nfxd5 14. Nxd5
Nxd5 15. Qxd5+ Rf7 16. Be2 g4 17. Qd2 Kf8 18. g3 Be6 19. Qc3 Qg5 20. b4 axb4
21. axb4 Rxa1+ 22. Bxa1 Bb6 23. O-O h5 24. c5 dxc5 25. Qe5 Re7 26. bxc5 Bc7 27.
Qh8+ Kf7 28. Rb1 Bd5 29. Qd4 Bc6 30. Bc4+ Kg6 31. Qh8 Rh7 32. Qg8+ Kh6 33. Qf8+
Kg6 34. Bg8 Rd7 35. Qe8+ Kh6 36. Qf8+ Kg6 37. Be6 Rh7 38. Qg8+ Kh6 39. Qf8+ Kg6
40. Qg8+ Kh6 41. Qxg5+ Kxg5 42. Bc8 Bb8 43. Be6 Re7 1/2-1/2

[Event "Taylor (SEMO/1/2)"]
[Site "?"]
[Date "1986.??.??"]
[Round "?"]
[White "Poschel, Paul"]
[Black "Manion, Tom"]
[Result "1-0"]
[WhiteElo "2275"]
[BlackElo "1940"]
[PlyCount "97"]
[EventDate "1986.??.??"]

{1/(2)} 1. c4 Nc6 2. d4 f5 3. d5 Ne5 4. Qd4 d6 5. f4 c5 6. Qd1 Nf7 7. Nc3 Nf6
8. g3 g6 9. Bg2 Bg7 10. Nh3 Bd7 11. Nf2 a6 12. a4 b5 13. axb5 axb5 14. Rxa8
Qxa8 15. cxb5 O-O 16. O-O Rb8 17. Re1 Ne8 18. e4 fxe4 19. Nfxe4 Nc7 20. Kh1
Nxb5 21. Nxb5 Bxb5 22. Nc3 Kf8 23. h4 Ba6 24. h5 Re8 25. hxg6 hxg6 26. Qc2 Nh8
27. f5 Kf7 28. Be4 gxf5 29. Bxf5 Be5 30. Qh2 Rg8 31. Be6+ Kf8 32. Bh6+ Rg7 33.
Qf2+ Ke8 34. Bxg7 Bxg7 35. Ra1 Qb7 36. Kh2 Qb6 37. Qg2 Bb7 38. Re1 Qc7 39. Qd2
Bc8 40. Bxc8 Qxc8 41. Qg5 Be5 42. Qh5+ Kd7 43. Rxe5 dxe5 44. Qxe5 Qa8 45. Qe6+
Kc7 46. Qxe7+ Kb6 47. Qd6+ Ka7 48. Nb5+ Kb7 49. Qc6+ 1-0

[Event "Monroe (RVO/3/5)"]
[Site "?"]
[Date "1986.??.??"]
[Round "?"]
[White "Poschel, Paul"]
[Black "Kulbacki, James"]
[Result "1/2-1/2"]
[WhiteElo "2285"]
[BlackElo "2100"]
[PlyCount "95"]
[EventDate "1986.??.??"]

{3/(5)} 1. c4 e6 2. Nf3 Nf6 3. g3 b6 4. Bg2 Bb7 5. O-O c5 6. Nc3 Be7 7. Re1 d5
8. cxd5 exd5 9. d4 O-O 10. Bg5 Ne4 11. Bxe7 Qxe7 12. Rc1 Nxc3 13. Rxc3 Nd7 14.
Qa4 a6 15. dxc5 bxc5 16. Qa3 Rfe8 17. Re3 Qf6 18. Rxe8+ Rxe8 19. Qa4 Bc6 20.
Qc2 Rb8 21. b3 g6 22. Rd1 Re8 23. Ne1 Bb5 24. e3 c4 25. Bxd5 cxb3 26. Qxb3 Nb6
27. Bg2 Ba4 28. Qb1 Bxd1 29. Qxd1 Rd8 30. Qb1 Rd2 31. Nd3 Qc3 32. Bf1 Nc4 33.
Qb3 Qxb3 34. axb3 Nb2 35. Nxb2 Rxb2 36. Bxa6 Rxb3 37. Kg2 Kg7 38. h4 Rb2 39.
Bc4 f6 40. Bd5 h6 41. Bc6 Kf7 42. Bd5+ Ke7 43. Bc4 Kd6 44. Bd3 g5 45. hxg5 hxg5
46. Bf5 Ke5 47. g4 Rd2 48. Kf1 1/2-1/2

[Event "Dearborn (MEX/4)"]
[Site "?"]
[Date "1986.??.??"]
[Round "?"]
[White "Poschel, Paul"]
[Black "Koster, Ed"]
[Result "1/2-1/2"]
[WhiteElo "2300"]
[BlackElo "2145"]
[PlyCount "166"]
[EventDate "1986.??.??"]

1. d4 Nf6 2. c4 g6 3. Nc3 d5 4. cxd5 Nxd5 5. Nf3 Bg7 6. e3 O-O 7. Bc4 Nxc3 8.
bxc3 c5 9. O-O Qc7 10. Bd3 Nc6 11. Ba3 b6 12. Rc1 Rd8 13. Qe2 Bb7 14. Ba6 Bxa6
15. Qxa6 Rac8 16. h3 Na5 17. Qe2 Qd7 18. dxc5 Qa4 19. Bb4 bxc5 20. Bxa5 Qxa5
21. c4 Rb8 22. Rb1 Rb4 23. Rxb4 Qxb4 24. Qc2 Rb8 25. Rd1 Bf6 26. e4 e6 27. e5
Bd8 28. Rd7 Bb6 29. Qe4 Rd8 30. Rb7 Qa4 31. Qf4 Qd1+ 32. Kh2 Rd7 33. Rxd7 Qxd7
34. Qh6 Bd8 35. Qe3 Be7 36. Qe4 Kg7 37. g3 h5 38. h4 Qd1 39. Kg2 Qd7 40. Kh2
Qd1 41. Kg2 Qa4 42. Qe2 Qc6 43. Kh2 Qa4 44. Kg1 Qc6 45. Nh2 Qa4 46. Nf1 Bd8 47.
Ne3 a6 48. Kg2 Qc6+ 49. Qf3 Qa4 50. Qd1 Qxd1 51. Nxd1 f6 52. exf6+ Kxf6 53. Kf3
Ke5 54. Ke3 Ba5 55. Nb2 Bc3 56. Nd3+ Kd6 57. Nf4 Bd4+ 58. Kf3 e5 59. Nd3 Ke6
60. Ke4 Kd6 61. f4 exf4 62. Nxf4 Be5 63. Nxg6 Bxg3 64. Kf5 Be1 65. Kg5 Kc6 66.
Kxh5 Kb6 67. Kg4 Ka5 68. h5 Bd2 69. Kf5 Kb4 70. Ne5 Ka3 71. Ke4 Kxa2 72. Kd3
Bf4 73. Nd7 a5 74. Nxc5 Kb2 75. Kd4 Bh6 76. Nd3+ Kb3 77. Nc5+ Kb4 78. Nd3+ Kb3
79. c5 a4 80. c6 a3 81. Nc5+ Kb4 82. Nd3+ Kb3 83. Nc5+ Kb4 1/2-1/2

[Event "Taylor (SEMO/5/1)"]
[Site "?"]
[Date "1986.??.??"]
[Round "?"]
[White "Poschel, Paul"]
[Black "Jarosz, Stan"]
[Result "1-0"]
[WhiteElo "2275"]
[BlackElo "1960"]
[PlyCount "71"]
[EventDate "1986.??.??"]

{5/(1)} 1. c4 e6 2. Nc3 d5 3. d4 Be7 4. Nf3 Nf6 5. Bg5 h6 6. Bh4 O-O 7. e3 b6
8. cxd5 Nxd5 9. Bxe7 Qxe7 10. Rc1 Bb7 11. Bd3 Rc8 12. O-O Nxc3 13. Rxc3 c5 14.
dxc5 Rxc5 15. Rxc5 Qxc5 16. Qd2 Qe7 17. Rc1 Nc6 18. Bb5 Rc8 19. h3 Nb4 20.
Rxc8+ Bxc8 21. a3 Ba6 22. Bxa6 Nxa6 23. b4 Nc7 24. Nd4 Qd7 25. Qc2 Nd5 26. b5
Nc7 27. Qc4 e5 28. Nc6 a6 29. bxa6 Nxa6 30. Nxe5 Qe6 31. Qxe6 fxe6 32. Kf1 Nc7
33. Ke2 Nb5 34. Nc4 Kf7 35. Kd3 Ke7 36. a4 1-0

[Event "Warren (MCO/2/3)"]
[Site "?"]
[Date "1986.??.??"]
[Round "?"]
[White "Poschel, Paul"]
[Black "Hosey, L.."]
[Result "1-0"]
[WhiteElo "2265"]
[BlackElo "1825"]
[PlyCount "85"]
[EventDate "1986.??.??"]

{2/(3)} 1. c4 Nf6 2. Nc3 e6 3. e4 d5 4. e5 Nfd7 5. cxd5 exd5 6. d4 Nb6 7. Bd3
Nc6 8. Nge2 Be7 9. h3 Be6 10. O-O Qd7 11. f4 Bf5 12. Bxf5 Qxf5 13. Ng3 Qd7 14.
f5 O-O-O 15. Nh5 g6 16. fxg6 hxg6 17. Nf6 Bxf6 18. Rxf6 Rh7 19. Bg5 Rdh8 20.
Rf4 Rh5 21. Bf6 R8h7 22. Qf3 Qe6 23. Rf1 Na5 24. b3 Nc6 25. Ne2 Rf5 26. Rxf5
gxf5 27. Qxf5 Qxf5 28. Rxf5 Nd7 29. Bg5 Nf8 30. Be3 Ne6 31. Kh2 Kd7 32. g4 Ke8
33. Kg3 Kf8 34. Rf1 Kg8 35. Nf4 Nxf4 36. Rxf4 Kg7 37. Rf2 Kg8 38. h4 Ne7 39. h5
Kg7 40. Rc2 c6 41. Bg5 Ng8 42. Rf2 Kf8 43. Kh4 1-0

[Event "Dearborn (MEX/2)"]
[Site "Dearborn"]
[Date "1986.??.??"]
[Round "?"]
[White "Poschel, Paul"]
[Black "Haluska, James"]
[Result "1-0"]
[WhiteElo "2300"]
[BlackElo "2045"]
[PlyCount "47"]
[EventDate "1986.??.??"]

1. c4 e5 2. Nc3 Nf6 3. Nf3 Nc6 4. e4 Bc5 5. Nxe5 Nxe5 6. d4 Bb4 7. dxe5 Nxe4 8.
Qd4 Nxc3 9. bxc3 Be7 10. Qg4 Kf8 11. Qg3 d6 12. Be3 dxe5 13. Rd1 Bd7 14. Qxe5
Bd6 15. Qd4 b6 16. Be2 Bc6 17. O-O Qe7 18. Bf4 Bxf4 19. Qxf4 Re8 20. Bf3 Bxf3
21. Qxf3 g6 22. Qh3 Rd8 23. Qh6+ Ke8 24. Rde1 1-0

[Event "Taylor (SEMO/3/1)"]
[Site "?"]
[Date "1986.??.??"]
[Round "?"]
[White "Poschel, Paul"]
[Black "Dowling, Jo"]
[Result "1/2-1/2"]
[WhiteElo "2275"]
[BlackElo "2075"]
[PlyCount "57"]
[EventDate "1986.??.??"]

{3/(1)} 1. c4 e5 2. Nc3 d6 3. Nf3 g6 4. d4 Bg7 5. g3 Nc6 6. d5 Nce7 7. Bg2 f5
8. O-O Nf6 9. e4 O-O 10. exf5 gxf5 11. Ne1 Ng6 12. Nd3 Bd7 13. f4 e4 14. Nf2 h5
15. h4 Ng4 16. Nxg4 hxg4 17. Be3 Bf6 18. Qd2 Kf7 19. Rfd1 Rh8 20. Bf2 Qe7 21.
Rac1 a6 22. Qe3 Rag8 23. Kf1 b6 24. Rc2 Ra8 25. Ne2 Rhb8 26. Rdc1 Nf8 27. Nd4
Nh7 28. b4 a5 29. b5 1/2-1/2

[Event "Warren (MCO/6/9)"]
[Site "?"]
[Date "1986.??.??"]
[Round "?"]
[White "Poschel, Paul"]
[Black "Bohley, D.."]
[Result "1-0"]
[WhiteElo "2265"]
[BlackElo "2030"]
[PlyCount "73"]
[EventDate "1986.??.??"]

{6/(9)} 1. c4 e6 2. Nf3 d5 3. e3 c5 4. cxd5 exd5 5. d4 Nc6 6. Nc3 Nf6 7. Be2
Be7 8. O-O O-O 9. b3 Ne4 10. Bb2 Bf6 11. Na4 Be6 12. Rc1 cxd4 13. Nxd4 Rc8 14.
Nxc6 bxc6 15. Bxf6 Nxf6 16. Qd4 Qe7 17. Nc5 Rfd8 18. Rc3 Bd7 19. Bf3 Be8 20.
Rfc1 h6 21. h3 Kh8 22. b4 Rb8 23. a3 Kg8 24. R3c2 Nh7 25. h4 Nf6 26. g3 Kh8 27.
Bg2 Kg8 28. Nb3 Rd6 29. Rc5 Ne4 30. Ra5 Rb7 31. Rd1 Rdd7 32. Ra6 Rdc7 33. Bxe4
Qxe4 34. Qxe4 dxe4 35. Nc5 Rb8 36. Nxe4 Rd7 37. Rxd7 1-0

[Event "Monroe (MI Op/7/2)"]
[Site "?"]
[Date "1986.??.??"]
[Round "?"]
[White "Poschel, Paul"]
[Black "Baudry, Pascal"]
[Result "1/2-1/2"]
[WhiteElo "2285"]
[BlackElo "2105"]
[PlyCount "55"]
[EventDate "1986.??.??"]

{7/(2)} 1. e4 e5 2. Nf3 Nc6 3. Bb5 Bc5 4. d3 Nge7 5. Be3 Bxe3 6. fxe3 f5 7.
exf5 Nxf5 8. e4 Ne3 9. Qe2 Nd4 10. Nxd4 exd4 11. Qh5+ Kf8 12. Na3 Qf6 13. Ke2
Ke7 14. Raf1 Nxf1 15. Rxf1 Qg6 16. Qc5+ Kd8 17. Rf8+ Rxf8 18. Qxf8+ Qe8 19.
Qxg7 Qh5+ 20. Kf2 c6 21. Bc4 b5 22. Qf6+ Kc7 23. Bf7 Qxh2 24. e5 Bb7 25. Qd6+
Kb6 26. Nc4+ bxc4 27. Qb4+ Kc7 28. Qd6+ 1/2-1/2

[Event "Monroe (MI Op/2/1)"]
[Site "?"]
[Date "1986.??.??"]
[Round "?"]
[White "Poschel, Paul"]
[Black "Bailey, Greg"]
[Result "1-0"]
[WhiteElo "2285"]
[BlackElo "2065"]
[PlyCount "89"]
[EventDate "1986.??.??"]

{2/(1)} 1. c4 Nf6 2. Nc3 g6 3. e4 d6 4. d4 Bg7 5. Be2 O-O 6. Bg5 c5 7. dxc5 Qa5
8. Bd2 Qxc5 9. Nf3 Bg4 10. Be3 Qa5 11. O-O Nc6 12. a3 Rfc8 13. b4 Qd8 14. Rc1
Nd7 15. Nd2 Bxe2 16. Qxe2 Nd4 17. Bxd4 Bxd4 18. Nb3 Bg7 19. Rfd1 b6 20. Nd5 Qe8
21. f4 Rab8 22. b5 a5 23. a4 Nc5 24. Nxc5 Rxc5 25. Rc2 e6 26. Ne3 Bf8 27. Ng4
Kg7 28. e5 dxe5 29. Nxe5 Rd8 30. Rxd8 Qxd8 31. Rd2 Qc8 32. Nc6 Qc7 33. g3 Be7
34. Qd1 Rxc4 35. Rd7 Bc5+ 36. Kg2 Qc8 37. Qa1+ Kh6 38. Rxf7 Rc2+ 39. Kh1 Qg8
40. Qf6 Rc1+ 41. Kg2 Rc2+ 42. Kh3 Be7 43. Nxe7 Qxf7 44. Qxf7 Rc3 45. Ng8+ 1-0

[Event "Taylor (SEMO/5/2)"]
[Site "?"]
[Date "1986.??.??"]
[Round "?"]
[White "Polk, R.."]
[Black "Lindsay, F.."]
[Result "0-1"]
[WhiteElo "2140"]
[BlackElo "2360"]
[PlyCount "84"]
[EventDate "1986.??.??"]

{5/(2)} 1. e4 c5 2. Nf3 Nc6 3. Bb5 g6 4. O-O Bg7 5. c3 Nf6 6. e5 Nd5 7. d4 cxd4
8. cxd4 O-O 9. Nc3 Nc7 10. Bxc6 dxc6 11. h3 Be6 12. Ng5 Bc4 13. Re1 f6 14. b3
Bd5 15. Nxd5 Qxd5 16. Nf3 Ne6 17. Bb2 Rad8 18. Qe2 fxe5 19. Qc4 Qxc4 20. bxc4
Nxd4 21. Nxd4 exd4 22. Rxe7 Rf7 23. Ree1 c5 24. Kf1 Bf6 25. Rad1 Rff8 26. Rd3
Rd6 27. Ba3 Rc8 28. Rb1 Rc7 29. Rb5 b6 30. Rb1 Re6 31. Re1 Kf7 32. Bc1 b5 33.
cxb5 c4 34. Rf3 Rxe1+ 35. Kxe1 Ke6 36. Bf4 Be5 37. Bd2 c3 38. Bc1 Kd5 39. Kd1
Kc4 40. Kc2 Rd7 41. Rd3 Kxb5 42. f4 Bg7 0-1

[Event "Taylor (SEMO/2/2)"]
[Site "?"]
[Date "1986.??.??"]
[Round "?"]
[White "Polk, R.."]
[Black "Hendricks, Marcus"]
[Result "1/2-1/2"]
[WhiteElo "2140"]
[BlackElo "1975"]
[PlyCount "111"]
[EventDate "1986.??.??"]

{2/(2)} 1. e4 c5 2. d4 cxd4 3. Nf3 Nc6 4. Nxd4 g6 5. Be3 Bg7 6. Nc3 Nf6 7. Be2
O-O 8. O-O d6 9. h3 a6 10. a4 e5 11. Nb3 Be6 12. Bf3 Nb4 13. Qd2 d5 14. Bc5
dxe4 15. Bxf8 Kxf8 16. Nxe4 Qxd2 17. Nbxd2 Nxc2 18. Rac1 Nd4 19. Nc5 Bd5 20.
Bxd5 Ne2+ 21. Kh1 Nxc1 22. Bxb7 Rd8 23. Nf3 e4 24. Nxe4 Nxe4 25. Rxc1 Nxf2+ 26.
Kg1 Bxb2 27. Rc2 Nd1 28. Bxa6 Ba3 29. Be2 Nb2 30. a5 Na4 31. Rc7 Bc5+ 32. Kf1
Bd6 33. Rc6 Bg3 34. Bb5 Rd1+ 35. Ke2 Ra1 36. a6 Ra2+ 37. Kd3 Nb2+ 38. Kc2 Ra5
39. Be2 Na4 40. Kb3 Nc5+ 41. Kb4 Ra2 42. Bc4 Nxa6+ 43. Rxa6 Rxg2 44. Ra7 Bd6+
45. Kc3 Be7 46. Bd5 Rg3 47. h4 f5 48. Kd3 Bxh4 49. Rxh7 Bd8 50. Ke2 Bb6 51. Kf1
Be3 52. Ne5 f4 53. Nc6 g5 54. Rf7+ Ke8 55. Re7+ Kf8 56. Rf7+ 1/2-1/2